00000000nam##2200000za#4500
0019.600348
003CaOODSP
00520210624205532
007cr |||||||||||
008150406|2000||||xxc|||||o    f|0| 0 fre|d
040 |aCaOODSP|bfre
043 |an-cn---
0861 |aBT31-4/69-2000F-PDF
1101 |aCanada. |bConseil du trésor.
24510|aComité externe d'examen de la GRC, rapport sur le rendement pour la période se terminant le 31 mars 2000 |h[ressource électronique]
2463 |aComité externe d’examen de la GRC, rapport de rendement pour la période se terminant le 31 mars 2000
260 |aOttawa - Ontario : |bSecrétariat du Conseil du Trésor du Canada |cc2000.
300 |a24p.|borganigramme, tableaux
4901 |aRapport sur le rendement pour la période se terminant le 31 mars 2000 |vPour la période se terminant le 31 mars 2000
500 |aLe n° de catalogue (BT31-4/69-2000) et l’ISBN (0-660-61371-9) de l'édition imprimée bilingue ont été incorrectement copiés dans cette édition électronique.
590 |a11-04-Supp|b2011-02-17
77508|tRCMP External Review Committee, performance report for the period ending March 31, 2000 |w(CaOODSP)9.569109
7760#|tComité externe d'examen de la GRC |w(CaOODSP)9.534141
7760#|tRCMP External Review Committee |w(CaOODSP)9.534140
830#0|aRapport sur le rendement pour la période se terminant le 31 mars 2000 ;|vPour la période se terminant le 31 mars 2000|w(CaOODSP)9.502702
85640|ahttp://publications.gc.ca|qPDF|s147 Ko|uhttps://publications.gc.ca/collections/Collection/BT31-4-69-2000F.pdf|yPour la période se terminant le 31 mars 2000